00382nam a2200145Ia 4500003000400000008004100004040001600045082001300061100001900074245004300093260004300136300000800179650002500187650002400212GCL140319s9999 xx 000 0 eng d aGCL / cGCL04a932bB C1 aBOULAT, PIERRE10aA CLOSE UP OF EGYPT / cBOULAT, PIERRE a[S.N] : bALADIN PUBLICATION ، c1949 a13504aEGYPT - CIVILIZATION04aEGYPT - ANTIQUITIES